El Debate actual sobre el estado capitalista /

Сохранить в:
Библиографические подробности
Главный автор: Gutiérrez Garza, Esthela
Формат: Текст
Предметы:
Метки: Добавить метку
Нет меток, Требуется 1-ая метка записи!

MARC

LEADER 00000 a a2200000 04500
001 14237
003
040
100 |a Gutiérrez Garza, Esthela  
245 |a El Debate actual sobre el estado capitalista /  |c Esthela Gutiérrez Garza 
650 |a ESTADO  
650 |a CAPITALISMO  
650 |a MARXISMO  
650 |a TEORIA POLITICA  
773 |g número 17; páginas 23-52  
999 |c 26460  |d 26460